The Runaways : (Record no. 130152)

MARC details
000 -LEADER
fixed length control field 00650nam a22002417a 4500
003 - CONTROL NUMBER IDENTIFIER
control field 0
005 - DATE AND TIME OF LATEST TRANSACTION
control field 20180727125240.0
008 - FIXED-LENGTH DATA ELEMENTS--GENERAL INFORMATION
fixed length control field 0
010 ## - LIBRARY OF CONGRESS CONTROL NUMBER
LC control number B-213498
020 ## - INTERNATIONAL STANDARD BOOK NUMBER
Terms of availability 195.00
International Standard Book Number 817541183
035 ## - SYSTEM CONTROL NUMBER
System control number B-213498, B-213507, B-213517
037 ## - SOURCE OF ACQUISITION
Source of stock number/acquisition Cen Lib/Ret
040 ## - CATALOGING SOURCE
Original cataloging agency DPL
Language of cataloging EN
Transcribing agency 0
082 ## - DEWEY DECIMAL CLASSIFICATION NUMBER
Classification number N
Item number PAN
100 ## - MAIN ENTRY--PERSONAL NAME
Personal name Pandey, Romesh
9 (RLIN) 88960
245 ## - TITLE STATEMENT
Title The Runaways :
Statement of responsibility, etc by Romesh Pandey
Remainder of title a novel /
260 ## - PUBLICATION, DISTRIBUTION, ETC. (IMPRINT)
Name of publisher, distributor, etc Shipra Publications
Date of publication, distribution, etc 2004
Place of publication, distribution, etc Delhi
270 ## - ADDRESS
City Delhi
Address 115-A, vikas marg, shakarpur
Postal code 110092
300 ## - PHYSICAL DESCRIPTION
Extent 163p.
Dimensions 21cm(Hb)
650 ## - SUBJECT ADDED ENTRY--TOPICAL TERM
Topical term or geographic name as entry element English literature
9 (RLIN) 88961
650 ## - SUBJECT ADDED ENTRY--TOPICAL TERM
Topical term or geographic name as entry element Fiction
9 (RLIN) 8901
942 ## - ADDED ENTRY ELEMENTS (KOHA)
Source of classification or shelving scheme Dewey Decimal Classification
Koha item type English Books
Classification part N
Call number suffix PAN
Holdings
Withdrawn status Lost status Damaged status Not for loan Home library Current library Date acquired Source of acquisition Cost, normal purchase price Total Checkouts Total Renewals Full call number Barcode Date last seen Date checked out Copy number Cost, replacement price Price effective from Koha item type Source of classification or shelving scheme Collection code
        Central Library Central Library 08/07/2015 Cen Lib/Ret 195.00 1 1 N PAN B-213498 24/11/2017 28/10/2017 1 195.00 15/09/2016 English Books    
        Patel Nagar Patel Nagar 09/07/2018 BPPD/Pub 195.00 3   N PAN B-213507 27/08/2025 18/08/2025 1 195.00 09/07/2018 English Books Dewey Decimal Classification Fiction
        Shahdara Branch Shahdara Branch 27/07/2018 BPPD/PUB 0.00     N PAN B-213517 27/07/2018     0.00 27/07/2018 English Books Dewey Decimal Classification Fiction

© Delhi Public Library
Hit Counter
free hit counter